Aventuras y tragedias en los andes : (Record no. 22734)

000 -CABECERA
fixed length control field 01061nam a22002417i 4500
003 - IDENTIFICADOR DEL NÚMERO DE CONTROL
control field AR-CdUCM
008 - DATOS DE LONGITUD FIJA--INFORMACIÓN GENERAL
fixed length control field 231020b20202020pe o|||| |||| 001 0 spa d
040 ## - FUENTE DE LA CATALOGACIÓN
Agencia/entidad que catalogó originalmente la obra MUNICIPALIDAD PROVINCIAL DEL CUSCO
Entidad que transcribió la catalogación BIBLIOTECA MUNICIPAL DEL CUSCO
082 ## - NÚMERO DE LA CLASIFICACIÓN DECIMAL DEWEY
No. de Clasificación 398.20985 / H849
Notacion interna H849
100 ## - ENTRADA PRINCIPAL--NOMBRE DE PERSONA
Nombre Personal Huayta Salhua, Florencio
245 ## - MENCIÓN DE TÍTULO
Título Aventuras y tragedias en los andes :
Resto del título ...que siempre estemos despiertos y valoremos primero lo nuestro: nuestras costumbres, sabidurías y a los Apus-tutelares que nos cobijan por toda la vida /
260 ## - PUBLICACIÓN, DISTRIBUCIÓN, ETC.
Lugar de publicación, distribución, etc. Sicuani-Cusco :
Fecha de publicación, distribución, etc. 2020.
300 ## - DESCRIPCIÓN FÍSICA
Nº de Páginas Extensión 199 páginas. :
Dimensiones 21 cm.
500 ## - NOTA GENERAL
Bibliografía Bibliografía: páginas 191-192
505 ## - NOTA DE CONTENIDO CON FORMATO
Nota de contenido formateada El siervo ingenuo -- Una vasija de oro -- El cóndor Laramani -- El regreso de Lauliko -- Vacas en celo -- Encuentro en los apus -- Los 365 días de carnaval
650 ## - PUNTO DE ACCESO ADICIONAL DE MATERIA--TÉRMINO DE MATERIA
Descriptor Vasija de oro
9 (RLIN) 49214
650 ## - PUNTO DE ACCESO ADICIONAL DE MATERIA--TÉRMINO DE MATERIA
Descriptor Cautiva para siempre
9 (RLIN) 49215
650 ## - PUNTO DE ACCESO ADICIONAL DE MATERIA--TÉRMINO DE MATERIA
Descriptor Santuco por dinero
9 (RLIN) 49216
650 ## - PUNTO DE ACCESO ADICIONAL DE MATERIA--TÉRMINO DE MATERIA
Descriptor Los que roban chuño
9 (RLIN) 49217
942 ## - ELEMENTOS DE PUNTO DE ACCESO ADICIONAL (KOHA)
Fuente de clasificación
Tipo de item Libros-BMC
945 ## - PROCESAMIENTO DE INFORMACIÓN LOCAL (OCLC)
Catalogador pebm
AAAA-MM-DD - Fecha de ingreso o modificacion 2023-10-20
Holdings
Estado de retiro (separado) Fuente de clasificación o esquema de estanterías Estado dañado Ubicación Sala donde se ubica Nombre de la colección Fecha de adquisición o compra Fuente de adquisición Costo, precio normal en soles Signatura topográfica Código de Barras Última vez visto (Koha) Tipo de ítem (Koha)
No     Sala Humanidades Sala Humanidades Book Cart 2023-10-20 Donación 20.00 398.20985 / H849 SH0000016564 2023-10-20 Libros-BMC

Powered by Koha